| 000 | 00910nam a2200265 a 4500 | ||
|---|---|---|---|
| 001 | 56388 | ||
| 003 | BD-RjUL | ||
| 005 | 20211209080405.0 | ||
| 008 | 161129s1997 bg b 000 0 eng | ||
| 020 | _a9845591221 | ||
| 035 | _a(BD-RjUL)56512 | ||
| 040 |
_aDLC _cDLC _dBD-RjUL _beng |
||
| 041 | _aeng | ||
| 082 |
_223 _a630.68 _bFAR 1997 |
||
| 245 | 1 | 0 |
_aFarm management survey in Comilla, Sadar Thana, 1996-1997 / _cF.A.M.Nurul Islam ... [et al.]. |
| 260 |
_aDhaka : _b[Distributors], Rubi Enterprise, _c1996-1997 |
||
| 300 |
_a265 p. ; _c23 cm. |
||
| 504 | _aIncludes bibliographical references (p. 263-265). | ||
| 650 | 0 |
_aFarm management _zBangladesh _zComilla. _9167736 |
|
| 650 | 0 |
_aAgricultural surveys _zBangladesh _zComilla. _9167737 |
|
| 700 | 1 |
_aNurul Islam, F. A. M. _9167738 |
|
| 710 | 2 |
_aBāṃlādeśa Pallī Unnaẏana Ekāḍemī. _9167534 |
|
| 942 |
_2ddc _cBK |
||
| 999 |
_c56388 _d56388 |
||